| 000 | 00770nam a2200253 u 4500 | ||
|---|---|---|---|
| 005 | 20221126064839.0 | ||
| 008 | 150601s2004 r 000 0 eng d | ||
| 020 | _a0881138649 | ||
| 035 | _aUPN01000203968 | ||
| 040 |
_aUPN _bspa _cUPN |
||
| 049 | _aI | ||
| 050 | 4 |
_aPZ76.3 _bS3.28 |
|
| 100 | 1 |
_aSchmidt, Troy, _d1962- _937625 |
|
| 245 | 1 | 0 |
_aBuzby : _bla abeja mal portada / _cTroy Schmidt. |
| 260 |
_aNashville, E.U.A. : _bCaribe-Betania, _c2004. |
||
| 300 |
_a[48] p. : _bil. col. |
||
| 440 | 0 |
_aMax lucado. _pHermie y sus amigos |
|
| 534 |
_pTitulo original: _tBuzby, the misbehaving bee |
||
| 650 | 7 |
_aAbejas _vCuentos y leyendas _916030 |
|
| 650 | 7 |
_aLibros ilustrados para niƱos _921365 |
|
| 905 | _aInfantil | ||
| 942 |
_2lcc _cLIBRO |
||
| 999 |
_c176069 _d176069 |
||